000 00672nam a2200193 a 4500
003 PILC
005 20150112093433.0
008 100716s19uu xx 00 eng d
020 _a0521628466
050 _aPE 1128
_b.R459 2000
082 _aLnSF 428.24
_bR39 1998
100 _aRichards, Jack C.
_91426
245 _aNew interchange :
_bVideo activity book 2 /
_cJack C. Richards
260 _aNew York :
_bCambridge University Press,
_c2000.
300 _a65 pages :
_bcolored illustration ;
_c28 cm.
650 _aEnglish language- Textbook for foreign speakers
_913878
650 _aCommunication, international - Probelm, exercises, etc.
_913956
942 _2lcc
_cBK
999 _c14466
_d14466